<?xml version="1.0" encoding="UTF-8"?>
<record
    xmlns:xsi="http://www.w3.org/2001/XMLSchema-instance"
    xsi:schemaLocation="http://www.loc.gov/MARC21/slim http://www.loc.gov/standards/marcxml/schema/MARC21slim.xsd"
    xmlns="http://www.loc.gov/MARC21/slim">

  <leader>00687nam a22001937a 4500</leader>
  <datafield tag="999" ind1=" " ind2=" ">
    <subfield code="c">186519</subfield>
    <subfield code="d">186519</subfield>
  </datafield>
  <controlfield tag="005">20220308123410.0</controlfield>
  <datafield tag="010" ind1=" " ind2=" ">
    <subfield code="a">UR-11458</subfield>
  </datafield>
  <datafield tag="020" ind1=" " ind2=" ">
    <subfield code="c">203.00</subfield>
    <subfield code="a">-</subfield>
  </datafield>
  <datafield tag="035" ind1=" " ind2=" ">
    <subfield code="a">U-10013</subfield>
  </datafield>
  <datafield tag="037" ind1=" " ind2=" ">
    <subfield code="b">DBAD/PUB</subfield>
    <subfield code="a">-</subfield>
  </datafield>
  <datafield tag="082" ind1=" " ind2=" ">
    <subfield code="a">808.881</subfield>
  </datafield>
  <datafield tag="100" ind1=" " ind2=" ">
    <subfield code="a">&#x645;&#x62D;&#x645;&#x62F; &#x634;&#x631; &#x641; &#x627; &#x644;&#x62F; &#x64A;&#x646; &#x633;&#x627; &#x62D;&#x644; </subfield>
  </datafield>
  <datafield tag="245" ind1=" " ind2=" ">
    <subfield code="a">&#x62F; &#x631; &#x645;&#x639;&#x646;&#x6CC; (&#x645;&#x642;&#x627; &#x644;&#x627; &#x62A;&#x60C;&#x62A;&#x627; &#x62B;&#x631; &#x627; &#x62A;&#x60C;&#x62A;&#x628;&#x635;&#x631; &#x627; &#x62A;)</subfield>
    <subfield code="c">&#x645;&#x62D;&#x645;&#x62F; &#x634;&#x631; &#x641; &#x627; &#x644;&#x62F; &#x64A;&#x646; &#x633;&#x627; &#x62D;&#x644; </subfield>
  </datafield>
  <datafield tag="246" ind1=" " ind2=" ">
    <subfield code="b">Dur-e-Ma ANI (Urdu)</subfield>
    <subfield code="a">by M.Sharfuddin Sahil </subfield>
  </datafield>
  <datafield tag="260" ind1=" " ind2=" ">
    <subfield code="a">New Delhi</subfield>
    <subfield code="b">Edu.Publishing House</subfield>
    <subfield code="c">2022 &#x621;  </subfield>
  </datafield>
  <datafield tag="270" ind1=" " ind2=" ">
    <subfield code="a">D1/16,Ansari Road,Darya ganj.</subfield>
    <subfield code="b">N Delhi</subfield>
    <subfield code="e">110002</subfield>
    <subfield code="k">45678204</subfield>
    <subfield code="l">-</subfield>
  </datafield>
  <datafield tag="300" ind1=" " ind2=" ">
    <subfield code="a">336 &#x635;</subfield>
    <subfield code="c">22 Cm(Hb)</subfield>
  </datafield>
  <datafield tag="942" ind1=" " ind2=" ">
    <subfield code="2">ddc</subfield>
    <subfield code="c">UR</subfield>
    <subfield code="h">808.881</subfield>
    <subfield code="m">&#x645; &#x62D; &#x645; </subfield>
  </datafield>
  <datafield tag="952" ind1=" " ind2=" ">
    <subfield code="0">0</subfield>
    <subfield code="1">0</subfield>
    <subfield code="4">0</subfield>
    <subfield code="7">1</subfield>
    <subfield code="8">NFIC</subfield>
    <subfield code="a">DBAD</subfield>
    <subfield code="b">L</subfield>
    <subfield code="d">2022-03-08</subfield>
    <subfield code="e">DBAD/PUB</subfield>
    <subfield code="g">203.00</subfield>
    <subfield code="l">0</subfield>
    <subfield code="o">808.881 &#x645; &#x62D; &#x645;</subfield>
    <subfield code="p">U-10013</subfield>
    <subfield code="r">2022-03-08 00:00:00</subfield>
    <subfield code="t">1</subfield>
    <subfield code="v">203.00</subfield>
    <subfield code="w">2022-03-08</subfield>
    <subfield code="y">UR</subfield>
  </datafield>
</record>
